000 01137 a2200253 4500
001 48786
005 20260407155754.0
008 260407a1995 arg spa d
003 AR-UNSa-BCEJYS
040 _aAR-UNSa-BCEJYS
_bspa
_cAR-UNSa-BCEJYS
080 _a338.45:631(82)
_xIndustrias Agrícolas Argentinas
245 1 0 _aAgroindustrias del Noreste, el papel de los actores sociales
020 _a987-9028-02-3
264 1 _aBuenos Aires :
_bLa Colmena
_c1995
300 _a247 p.
_c22 cm.
505 _aPrimera Parte: 1. El sector industrial agroalimentario argentino - 2. Transformación tecnológica en la agroindustria de los alimentos en Argentina - - Segunda Parte: 3. Subsistema lácteo - 4. Subsistema aceites vegetales - 5. Subsistemas arrocero - 6. Subsistema citrícola - 7. La actividad frutícola en el Alto Valle del Río Negro - 8. Reestructuración de las relaciones productivas en la agroindustria regional.
041 _aspa
942 _cBK
590 _aniveau_biblio:m niveau_hierar:0
100 1 _aGiarracca, Norma
700 1 _aAparicio, Susana
700 1 _aGras, Carla
700 1 _aBertoni, Leandro
999 _c4723
_d4723